| 000 | 00468nam a22001817a 4500 | ||
|---|---|---|---|
| 003 | 0 | ||
| 005 | 20230920075839.0 | ||
| 008 | 230920b xxu||||| |||| 00| 0 eng d | ||
| 020 | _a978-142314673-5 | ||
| 050 |
_aPZ 7 _b.R4829 2014 |
||
| 100 | _aRiordan, Rick | ||
| 245 |
_aThe blood of olympus _c Rick Riordan |
||
| 260 |
_aLos Angeles _bDisney.Hyperion _cc2014. |
||
| 300 |
_a516 pages ; _c22cm. |
||
| 500 | _aFiction. | ||
| 650 | _aFiction. | ||
| 942 |
_2lcc _cBK |
||
| 999 |
_c365328 _d365328 |
||